Phlebotominae de Colombia (<Diptera, Psychodidae>) IX. Distribución geográfica de especies de Brumptomyia Franca y parrot, 1921 y lutzomya franca, 1924 encontradas en Colombia S. A. (Registro nro. 14244)

Detalles MARC
000 -CABECERA
Campo de control 004940000a22001090004500
090 ## - CLASIFICACIÓN LOCAL
Colección AS
Consecutivo Seriadas
041 0# - IDIOMA
Código de idioma para texto/pista de sonido o título separado
100 1# - ASIENTO PRINCIPAL--NOMBRE PERSONAL
Nombre personal Osorno Mesa, Ernesto
245 10 - MENCION DE TITULO
Título Phlebotominae de Colombia (<Diptera, Psychodidae>) IX. Distribución geográfica de especies de Brumptomyia Franca y parrot, 1921 y lutzomya franca, 1924 encontradas en Colombia S. A.
773 1# - Item fuente:
Título Revista de la Academia Colombiana de Ciencias Exactas, Fisicas y Naturales
Especificación de materiales 32
Descripción física 53
Paginas del Articulo 45-68
Lugar, editorial y fecha de publicación 1972
Información sobre la relación 14
942 ## - ELEMENTOS ADICIONALES (KOHA)
Tipo de ítem Artículo

No hay ítems disponibles.